Tratado de ginecología y obstetricia : (Registro nro. 23644)

Detalles MARC
000 -LEADER
fixed length control field 02425nam a2200565 4500
001 - CONTROL NUMBER
control field 0000024592
003 - CONTROL NUMBER IDENTIFIER
control field CO-CtgCURN
005 - DATE AND TIME OF LATEST TRANSACTION
control field 20260319162732.0
007 - PHYSICAL DESCRIPTION FIXED FIELD--GENERAL INFORMATION
fixed length control field ta
008 - FIXED-LENGTH DATA ELEMENTS--GENERAL INFORMATION
fixed length control field 160628s2012 000 0 eng d
020 ## - INTERNATIONAL STANDARD BOOK NUMBER
International Standard Book Number 9788498357165
040 ## - CATALOGING SOURCE
Original cataloging agency CO-CtgCURN
Language of cataloging spa
Transcribing agency coctgcurn
082 0# - DEWEY DECIMAL CLASSIFICATION NUMBER
Classification number 618.1
Item number T776
245 00 - TITLE STATEMENT
Title Tratado de ginecología y obstetricia :
Remainder of title ginecología y medicina de la reproducción /
Statement of responsibility, etc. director, Luis Cabero Roura , coordinador general, Eduardo Cabrillo Rodríguez, Coordinadores, José Bajo Arenas... [et al.].
250 ## - EDITION STATEMENT
Edition statement 2a ed.
260 ## - PUBLICATION, DISTRIBUTION, ETC.
Place of publication, distribution, etc. Madrid :
Name of publisher, distributor, etc. Medica Panamericana,
Date of publication, distribution, etc. 2012.
300 ## - PHYSICAL DESCRIPTION
Extent 2 v.
336 ## - CONTENT TYPE
Source rdacontent
337 ## - MEDIA TYPE
Source rdamedia
Media type term sin mediacion
Media type code n
338 ## - CARRIER TYPE
Source rdacarrier
Carrier type term volumen
Carrier type code nc
504 ## - BIBLIOGRAPHY, ETC. NOTE
Bibliography, etc. note Incluye bibliografias e indice.
505 8# - FORMATTED CONTENTS NOTE
Formatted contents note V.1: Introducción y generalidades -- Anatomía y fisiología -- Ginecología general -- Medicina de la reproducción humana -- Oncología -- Cirugia ginecologica -- V.2: Fisiología obstetrica -- Asistencia prenatal al embarazo en situaciones patologicas -- Asistencia al parto y puerperio patologicos
590 ## - LOCAL NOTE (RLIN)
Local note Gineco-obstetricia (Medicina)
650 14 - SUBJECT ADDED ENTRY--TOPICAL TERM
Topical term or geographic name entry element Ginecología.
650 14 - SUBJECT ADDED ENTRY--TOPICAL TERM
Topical term or geographic name entry element Obstetricia.
700 1# - ADDED ENTRY--PERSONAL NAME
Personal name Cabero Roura, Luis.
700 1# - ADDED ENTRY--PERSONAL NAME
Personal name Cabrillo Rodríguez, Eduardo.
700 1# - ADDED ENTRY--PERSONAL NAME
Personal name Bajo Arenas, José.
700 1# - ADDED ENTRY--PERSONAL NAME
Personal name Calaf Alsina, Joaquin.
700 1# - ADDED ENTRY--PERSONAL NAME
Personal name Cararach Ramoneda, Vicenc.
700 1# - ADDED ENTRY--PERSONAL NAME
Personal name Armengol, Esteban David.
700 1# - ADDED ENTRY--PERSONAL NAME
Personal name González, Ernesto Fabre.
700 1# - ADDED ENTRY--PERSONAL NAME
Personal name Gil Moreno, Antonio.
700 1# - ADDED ENTRY--PERSONAL NAME
Personal name Herruzo Nalda, Alfonso.
700 1# - ADDED ENTRY--PERSONAL NAME
Personal name Izquierdo González, Fernando.
700 1# - ADDED ENTRY--PERSONAL NAME
Personal name Zamarriego Crespo, José.
710 2# - ADDED ENTRY--CORPORATE NAME
Corporate name or jurisdiction name as entry element Sociedad Española de Ginecología y Obstetricia.
908 ## - PUT COMMAND PARAMETER (RLIN)
Put command parameter 160627
942 ## - ADDED ENTRY ELEMENTS (KOHA)
Koha item type Libros
Classification part 618.1
Item part T776
Source of classification or shelving scheme Dewey Decimal Classification
Existencias
Withdrawn status Lost status Source of classification or shelving scheme Damaged status Not for loan Collection Home library Current library Shelving location Date acquired Inventory number Total checkouts Full call number Barcode Date last seen Copy number Price effective from Koha item type Public note
    Dewey Decimal Classification     General Miguel Henríquez Emiliani Miguel Henríquez Emiliani General 03/31/2025 017252   618.1 T776 017252 03/31/2025 v.1 ej.1 03/31/2025 Libros 610-CIENME
    Dewey Decimal Classification     General Miguel Henríquez Emiliani Miguel Henríquez Emiliani General 03/31/2025 017246   618.1 T776 017246 03/31/2025 v.1 ej.2 03/31/2025 Libros 610-CIENME
    Dewey Decimal Classification     General Miguel Henríquez Emiliani Miguel Henríquez Emiliani General 03/31/2025 017251   618.1 T776 017251 03/31/2025 v.1 ej.3 03/31/2025 Libros 610-CIENME
    Dewey Decimal Classification     General Miguel Henríquez Emiliani Miguel Henríquez Emiliani General 03/31/2025 017253   618.1 T776 017253 03/31/2025 v.1 ej.4 03/31/2025 Libros 610-CIENME
    Dewey Decimal Classification     General Miguel Henríquez Emiliani Miguel Henríquez Emiliani General 03/31/2025 017255   618.1 T776 017255 03/31/2025 v.1 ej.5 03/31/2025 Libros 610-CIENME
    Dewey Decimal Classification     General Miguel Henríquez Emiliani Miguel Henríquez Emiliani General 03/31/2025 017249   618.1 T776 017249 03/31/2025 v.2 ej.1 03/31/2025 Libros 610-CIENME
    Dewey Decimal Classification     General Miguel Henríquez Emiliani Miguel Henríquez Emiliani General 03/31/2025 017248   618.1 T776 017248 03/31/2025 v.2 ej.2 03/31/2025 Libros 610-CIENME
    Dewey Decimal Classification     General Miguel Henríquez Emiliani Miguel Henríquez Emiliani General 03/31/2025 017250   618.1 T776 017250 03/31/2025 v.2 ej.3 03/31/2025 Libros 610-CIENME
    Dewey Decimal Classification     General Miguel Henríquez Emiliani Miguel Henríquez Emiliani General 03/31/2025 017254   618.1 T776 017254 03/31/2025 v.2 ej.4 03/31/2025 Libros 610-CIENME
    Dewey Decimal Classification     General Miguel Henríquez Emiliani Miguel Henríquez Emiliani General 03/31/2025 017247   618.1 T776 017247 03/31/2025 v.2 ej.5 03/31/2025 Libros 610-CIENME